000 01819cam a2200433 a 4500
001 12220276
005 20200421093821.0
008 001102m19992000maua b 001 0 eng
010 _a 00709298
020 _a067499583X
040 _aDLC
_cDLC
_dDLC
041 1 _aenglat
_hlat
043 _ae------
_aff-----
_aaw-----
050 0 0 _aPA6807.A1
_bF35 1999
082 0 0 _a871/.01
_221
100 0 _aVirgil.
_9198
240 1 0 _aWorks.
_lEnglish & Latin.
_f1999
245 1 0 _aVirgil /
_cwith an English translation by H. Rushton Fairclough ; revised by G.P. Goold.
250 _aRev. ed., with new introd.
260 _aCambridge, Mass. :
_bHarvard University Press,
_c1999-2000.
300 _a2 v. :
_bill. ;
_c17 cm.
440 0 _aLoeb classical library ;
_v63-64
500 _aLatin and English on opposite pages.
504 _aIncludes bibliographical references (v. 1, p. 15-22) and index.
505 1 _a1. Eclogues, Georgics, Aeneid I-VI -- 2. Aeneid VII-XII. Appendix Vergiliana.
600 0 0 _aVirgil
_vTranslations into English.
_9825
650 0 _aDidactic poetry, Latin
_vTranslations into English.
_9199
650 0 _aPastoral poetry, Latin
_vTranslations into English.
_9200
650 0 _aEpic poetry, Latin
_vTranslations into English.
_9826
650 0 _aAeneas (Legendary character)
_vPoetry.
_9201
650 0 _aLegends
_zRome
_vPoetry.
_9827
650 0 _aCountry life
_vPoetry.
_9828
650 0 _aAgriculture
_vPoetry.
_9829
700 1 _aFairclough, H. Rushton
_q(Henry Rushton),
_db. 1862.
_9202
700 1 _aGoold, G. P.
_9203
906 _a7
_bcbc
_corigcop
_d2
_encip
_f20
_gy-gencatlg
942 _2ddc
_cBK
999 _c163
_d163